Statystyki dla Pokémony i ich ewolucje (Hoenn)

Kliknij tutaj aby rozwiązać quiz!

Ogólne statystyki

  • Ten quiz został rozwiązany 28 razy
  • Średni wynik to 20 z 26

Statystyki odpowiedzi

PokémonEwolucja% Poprawnych
SwabluAltaria
95%
FeebasMilotic
95%
WailmerWailord
95%
SkittyDelcatty
91%
WingullPelipper
91%
CarvanhaSharpedo
91%
TaillowSwellow
91%
NumelCamerupt
86%
ShuppetBanette
82%
ShroomishBreloom
82%
CacneaCacturne
82%
ZigzagoonLinoone
82%
ElectrikeManectric
82%
MedititeMedicham
82%
PoochyenaMightyena
82%
AnorithArmaldo
77%
DuskullDusclops
77%
MakuhitaHariyama
77%
SnoruntGlalie
73%
SpoinkGrumpig
73%
GulpinSwalot
64%
LileepCradily
59%
CorphishCrawdaunt
59%
BaltoyClaydol
55%
SurskitMasquerain
45%
BarboachWhiscash
45%

Rozkład punktacji

Percentyl według liczby udzielonych odpowiedzi

Procent ludzi z każdym wynikiem

Twoja historia wyników

Nie rozwiązałeś tego quizu